000 00290nam a22001337a 4500
008 170802b xxu||||| |||| 00| 0 eng d
020 _a3528052635
041 _aeng
080 _a004
100 _a32
101 _aSHKI
245 _aSICHTWEISEN DER INFORMATIK
_cCOY, W
942 _2udc
_cBK
999 _c22556
_d22556